000 00454 a2200157 4500
020 _a8176562823
082 _a005.133
090 _c1862
_d1862
100 _aBayross, Ivan.
245 _aweb enabled commercial application development using java 2.0
_cIvan Bayross
260 _aNew Dehli:
_b BPB Publications,
_c 2000.
300 _ax, 941 p. :
_bill. ;
_c24 cm.
500 _aIncludes Index
650 _ajava(Computer studies)
942 _cBK
_k05.133 BAY
999 _c5804
_d5804